|
|
|
|
| LEADER |
00000nab a2200000 a 4500 |
| 001 |
vtls000369941 |
| 003 |
SK-MaSNL |
| 005 |
20260303190406.0 |
| 008 |
140630c1989 xo 0 slo |
| 015 |
|
|
|a SNBRB19rr/mm-uuuuu
|
| 035 |
|
|
|a CL0370063
|
| 040 |
|
|
|a SNKBUCL
|b slo
|c SNKBUCL
|e AACR2
|
| 041 |
0 |
|
|a slo
|
| 044 |
|
|
|a xo
|c SK
|
| 080 |
|
|
|a 737:061.3
|2 1981
|
| 080 |
|
|
|a 061.3
|2 1981
|
| 080 |
|
|
|a 902
|2 1981
|
| 100 |
1 |
|
|a Hunka, Ján,
|d 1958-2021
|4 aut
|9 211368
|
| 245 |
1 |
0 |
|a Kolokvium o toliarovej mene
|c Ján Hunka
|
| 650 |
0 |
7 |
|a numizmatika
|2 snkbucl
|9 2900
|
| 650 |
0 |
7 |
|a toliarová mena
|2 snkbucl
|9 1218666
|
| 650 |
0 |
7 |
|a toliare
|2 snkbucl
|9 93543
|
| 655 |
|
7 |
|a články z novín a časopisov
|2 snkbucl
|9 267496
|
| 773 |
0 |
|
|t Slovenská archeológia
|g Roč. 37, č. 1 (1989), s. 223-225
|
| 850 |
|
|
|a Slovenská národná knižnica v Martine
|a MTA001
|
| 852 |
|
|
|a SNK
|b KIS3GCP
|
| 957 |
|
|
|a 5206
|
| 958 |
|
|
|a RK
|
| 992 |
|
|
|a RBX
|
| 999 |
|
|
|c 2136013
|d 2137943
|